000 00670nam a2200205Ia 4500
003 IN-BaIIA
008 211028s9999 xx 000 0 eng d
020 _a978-3-540-85315-2
040 _cIIA Library
080 _a539.2
_bSOL-II
100 _aSolyom, Jeno
_931950
245 0 _aFundamentals of the physics of solids
_bvol. II, electronic properties
_cJeno Solyom
260 _aBerlin
_bSpringer
_c2009
300 _axxi, 646p.
650 _aElectronic properties
_932899
650 _aOptical properties of solids
_932900
650 _aPhysics of solids
_931953
650 _aTransport phenomena
_932901
942 _cBK
999 _c17434
_d17434